000 00677nam a2200181Ia 4500
008 090123s9999 xx 000 0 und d
082 _b16098
100 _aगाडगीळ अमरेंद्र लक्ष्मण
245 _aरामायण सम्यक-दर्शन
250 _a1
260 _bरामकोश
_c1983
300 _a119
600 _aगाडगीळ अमरेंद्र लक्ष्मण
630 _aरामायण सम्यक-दर्शन
700 _aगाडगीळ अमरेंद्र लक्ष्मण
730 _aरामायण सम्यक-दर्शन
942 _cBOOK
999 _c54161
_d54161